[Event "BCF-chTb 1819 (4NCL)"]
[Site "Daventry"]
[Date "2019.03.16"]
[Round "7.74"]
[White "Hunt, Adam"]
[Black "Povah, Nigel Edward"]
[Result "1/2-1/2"]
[WhiteElo "2397"]
[BlackElo "2321"]
[PlyCount "70"]
[EventDate "2018.11.10"]
[EventType "team-tourn"]
[EventRounds "11"]
[EventCountry "ENG"]
[SourceTitle "CBM 189 Extra"]
[Source "ChessBase"]
[SourceDate "2019.06.03"]
[SourceVersion "1"]
[SourceVersionDate "2019.06.03"]
[SourceQuality "1"]
[WhiteTeam "Blackthorne Russia"]
[BlackTeam "Guildford II"]
[WhiteTeamCountry "ENG"]
[BlackTeamCountry "ENG"]

1. e4 c5 2. Nf3 Nc6 3. d4 cxd4 4. Nxd4 e6 5. Nc3 Qc7 6. Be2 a6 7. 0-0 Nf6 8. Kh1 Nxd4 9. Qxd4 Bc5 10. Qd3 h5 11. f4 d6 12. Qg3 Kf8 13. Be3 b5 14. Bxc5 Qxc5 15. e5 Ne8 16. Bf3 d5 17. f5 b4 18. Ne2 exf5 19. Nf4 h4 20. Qe1 Be6 21. Nd3 Qxc2 22. Qxb4+ Kg8 23. Nc5 h3 24. g3 f4 25. Rac1 Qf5 26. Nxe6 fxg3 27. hxg3 Qxe6 28. Qa5 Qxe5 29. Rce1 Qb8 30. Bxd5 Ra7 31. Qa4 Nd6 32. Qd4 Rh6 33. Rf3 Rc7 34. Rb3 Qc8 35. Qd2 Rf6 1/2-1/2

[Event "Bunratty Masters 26th"]
[Site "Bunratty"]
[Date "2019.02.24"]
[Round "6"]
[White "Hunt, Adam"]
[Black "McShane, Luke J"]
[Result "1/2-1/2"]
[WhiteElo "2397"]
[BlackElo "2663"]
[PlyCount "140"]
[EventDate "2019.02.22"]
[EventType "swiss"]
[EventRounds "6"]
[EventCountry "IRL"]
[SourceTitle "CBM 189 Extra"]
[Source "ChessBase"]
[SourceDate "2019.06.03"]
[SourceVersion "1"]
[SourceVersionDate "2019.06.03"]
[SourceQuality "1"]

1. e4 e5 2. Nf3 Nc6 3. Bb5 Nf6 4. d3 Bc5 5. 0-0 Nd4 6. Nxd4 Bxd4 7. Nd2 c6 8. Ba4 d6 9. c3 Bb6 10. Nc4 Bc7 11. Ne3 Be6 12. Bb3 0-0 13. Bxe6 fxe6 14. Ng4 Nd7 15. Bd2 d5 16. Qe2 Qe8 17. f3 Qg6 18. Kh1 a5 19. Rad1 a4 20. Be1 Rae8 21. Bg3 h5 22. Nf2 Bd8 23. Nh3 b5 24. b3 a3 25. b4 Bb6 26. Qc2 Qh6 27. c4 bxc4 28. dxc4 Bd4 29. c5 Nf6 30. Bh4 Qg6 31. Nf4 exf4 32. Rxd4 Rb8 33. Qb3 Kh7 34. e5 Nd7 35. Be7 Nxe5 36. Bxf8 Rxf8 37. Qxa3 Nc4 38. Qd3 e5 39. Qxg6+ Kxg6 40. Rd3 Ra8 41. Ra1 Na3 42. Rc1 Nb5 43. a3 Kf5 44. Kg1 g5 45. Kf2 e4 46. fxe4+ dxe4 47. Rb3 e3+ 48. Ke1 Ke4 49. Rc4+ Kd5 50. Rc1 g4 51. g3 Nd4 52. Rd1 Kc4 53. Rxd4+ Kxd4 54. gxf4 Ke4 55. Ke2 Kxf4 56. Rxe3 h4 57. Kf2 Rd8 58. a4 Rd2+ 59. Re2 g3+ 60. hxg3+ hxg3+ 61. Kf1 Rd3 62. Kg2 Rb3 63. b5 cxb5 64. axb5 Rxb5 65. Rc2 Rb7 66. c6 Rc7 67. Rc4+ Ke5 68. Kxg3 Kd5 69. Rc1 Rxc6 70. Rxc6 Kxc6 1/2-1/2

[Event "Bunratty Masters 26th"]
[Site "Bunratty"]
[Date "2019.02.23"]
[Round "3"]
[White "Pein, Jonathan"]
[Black "Hunt, Adam"]
[Result "0-1"]
[WhiteElo "2126"]
[BlackElo "2397"]
[PlyCount "46"]
[EventDate "2019.02.22"]
[EventType "swiss"]
[EventRounds "6"]
[EventCountry "IRL"]
[SourceTitle "EXT 2024"]
[Source "ChessBase"]
[SourceDate "2023.10.10"]
[SourceVersion "1"]
[SourceVersionDate "2023.10.10"]
[SourceQuality "1"]

1. d4 Nf6 2. c4 g6 3. Nc3 d5 4. cxd5 Nxd5 5. e4 Nxc3 6. bxc3 Bg7 7. Be3 0-0 8. Be2 c5 9. Nf3 Nc6 10. 0-0 Qc7 11. Qc2 b6 12. Rab1 Na5 13. dxc5 bxc5 14. Rb5 Nb7 15. Rfb1 a6 16. Rb6 Nd6 17. Bf4 Ra7 18. Ne5 Bb7 19. Bf3 Nb5 20. Rxg6 fxg6 21. Nxg6 Rxf4 22. Nxf4 Qxf4 23. a4 Nxc3 0-1

[Event "Bunratty Masters 26th"]
[Site "Bunratty"]
[Date "2019.02.22"]
[Round "1"]
[White "Nettleton, Charlie"]
[Black "Hunt, Adam"]
[Result "1/2-1/2"]
[WhiteElo "2064"]
[BlackElo "2397"]
[PlyCount "71"]
[EventDate "2019.02.22"]
[EventType "swiss"]
[EventRounds "6"]
[EventCountry "IRL"]
[SourceTitle "EXT 2024"]
[Source "ChessBase"]
[SourceDate "2023.10.10"]
[SourceVersion "1"]
[SourceVersionDate "2023.10.10"]
[SourceQuality "1"]

1. e4 c5 2. Nf3 d6 3. d4 cxd4 4. Nxd4 Nf6 5. Nc3 a6 6. h3 e6 7. g4 b5 8. Bg2 Bb7 9. g5 Nfd7 10. f4 Be7 11. Be3 Nc6 12. Nxc6 Bxc6 13. Qg4 Rc8 14. 0-0-0 Qc7 15. Kb1 Qb7 16. f5 Ne5 17. Qf4 b4 18. Ne2 Nc4 19. Bc1 Bb5 20. f6 gxf6 21. gxf6 Bf8 22. Bf3 h5 23. e5 Qb6 24. exd6 Bxd6 25. Qg5 Na3+ 26. bxa3 Bxe2 27. Rxd6 Qxd6 28. Bxe2 bxa3 29. c4 Qb4+ 30. Kc2 Qa4+ 31. Kc3 a5 32. Rd1 Qb4+ 33. Kc2 Qa4+ 34. Kc3 Qb4+ 35. Kc2 Qa4+ 36. Kc3 1/2-1/2

[Event "BCF-chTb 1819 (4NCL)"]
[Site "Daventry"]
[Date "2019.01.12"]
[Round "3.82"]
[White "Hunt, Adam"]
[Black "Fitzsimons, David"]
[Result "1-0"]
[WhiteElo "2396"]
[BlackElo "2301"]
[PlyCount "107"]
[EventDate "2018.11.10"]
[EventType "team-tourn"]
[EventRounds "11"]
[EventCountry "ENG"]
[SourceTitle "CBM 188 Extra"]
[Source "ChessBase"]
[SourceDate "2019.02.26"]
[SourceVersion "1"]
[SourceVersionDate "2019.02.26"]
[SourceQuality "1"]
[WhiteTeam "Blackthorne Russia"]
[BlackTeam "Wood Green Monarchs"]
[WhiteTeamCountry "ENG"]
[BlackTeamCountry "ENG"]

1. e4 g6 2. d4 Bg7 3. Nc3 d5 4. e5 f6 5. f4 Nh6 6. Nf3 0-0 7. Be2 Bg4 8. 0-0 e6 9. Be3 Nf5 10. Bf2 Nd7 11. Ne1 Bxe2 12. Nxe2 fxe5 13. fxe5 c5 14. c3 cxd4 15. cxd4 Bh6 16. Qd3 Qb6 17. Rb1 Rac8 18. Nc3 Rc6 19. Nc2 Rfc8 20. g4 Ne7 21. Be3 Nxe5 22. dxe5 Bxe3+ 23. Qxe3 Qxe3+ 24. Nxe3 d4 25. Nb5 dxe3 26. Nxa7 Rc4 27. Nxc8 Rxg4+ 28. Kh1 Nxc8 29. Rf3 Re4 30. Re1 e2 31. Rf2 Nb6 32. Rexe2 Ra4 33. b3 Ra6 34. Rc2 Nd5 35. Rc8+ Kg7 36. Rb8 b6 37. Rb7+ Kh6 38. Kg2 Ra5 39. Kg3 g5 40. a4 Rc5 41. Rd7 Kg6 42. Rd6 Rc3+ 43. Rf3 Rxf3+ 44. Kxf3 Kf5 45. b4 Kxe5 46. Rc6 Nxb4 47. Rxb6 Nd5 48. Rb7 Kd4 49. a5 e5 50. a6 e4+ 51. Ke2 Nf4+ 52. Kf1 e3 53. a7 e2+ 54. Kf2 1-0

[Event "BCF-chT1b 1718 (4NCL)"]
[Site "England"]
[Date "2018.03.17"]
[Round "7.81"]
[White "Speelman, Jonathan S"]
[Black "Hunt, Adam"]
[Result "1-0"]
[WhiteElo "2510"]
[BlackElo "2407"]
[PlyCount "147"]
[EventDate "2017.11.11"]
[EventType "team-swiss"]
[EventRounds "11"]
[EventCountry "ENG"]
[SourceTitle "EXT 2019"]
[Source "ChessBase"]
[SourceDate "2018.10.10"]
[SourceVersion "1"]
[SourceVersionDate "2018.10.10"]
[SourceQuality "1"]
[WhiteTeam "Wood Green"]
[BlackTeam "Blackthorne Russia"]
[WhiteTeamCountry "ENG"]
[BlackTeamCountry "ENG"]

1. d4 Nf6 2. Nf3 g6 3. c4 Bg7 4. e3 0-0 5. Be2 d6 6. 0-0 c5 7. Nc3 Nc6 8. d5 Na5 9. a3 b6 10. b4 Nb7 11. Ra2 e5 12. dxe6 fxe6 13. Rd2 Bd7 14. Ng5 Ne8 15. Nge4 Qc7 16. Bb2 Rd8 17. Qb1 a6 18. h4 Bc6 19. Ng5 Qe7 20. b5 axb5 21. cxb5 Bd7 22. Na4 d5 23. e4 Bxb2 24. Qxb2 Nf6 25. e5 Nh5 26. Nxb6 h6 27. Nxd7 Rxd7 28. Nh3 Qxh4 29. Qc2 Rg7 30. Qd1 Rf5 31. Bg4 Rxe5 32. Re2 Rxe2 33. Qxe2 Re7 34. Re1 Qf6 35. Qd2 Kh7 36. Bxh5 gxh5 37. Nf4 Nd6 38. Nxh5 Qf5 39. Ng3 Qg6 40. a4 Rg7 41. Qe3 Ne4 42. b6 h5 43. b7 Rxb7 44. Nxe4 Qxe4 45. Qxe4+ dxe4 46. Rxe4 Rb4 47. Rxe6 Rxa4 48. Re5 Kg6 49. Rxc5 Ra2 50. f3 Rb2 51. Kh2 Ra2 52. Kh3 Rb2 53. Rc6+ Kf5 54. g3 Rb1 55. f4 Ke4 56. Kh4 Rh1+ 57. Kg5 Rh3 58. g4 hxg4 59. Kxg4 Rh8 60. Re6+ Kd5 61. f5 Rg8+ 62. Kf4 Rg7 63. Re1 Rg2 64. f6 Kd6 65. Kf5 Kd7 66. f7 Rf2+ 67. Kg6 Rg2+ 68. Kf6 Rf2+ 69. Kg7 Rg2+ 70. Kf8 Rf2 71. Rd1+ Kc7 72. Rd4 Rf1 73. Rg4 Kd7 74. Kg8 1-0

[Event "Newcastle on Tyne op"]
[Site "Newcastle on Tyne"]
[Date "2018.02.17"]
[Round "7"]
[White "Kanakova, Natalie"]
[Black "Hunt, Adam"]
[Result "1/2-1/2"]
[WhiteElo "2245"]
[BlackElo "2416"]
[PlyCount "102"]
[EventDate "2018.02.14"]
[EventType "swiss"]
[EventRounds "9"]
[EventCountry "ENG"]
[SourceTitle "CBM 182 Extra"]
[Source "ChessBase"]
[SourceDate "2018.02.23"]
[SourceVersion "1"]
[SourceVersionDate "2018.02.23"]
[SourceQuality "1"]

1. e4 c5 2. Nf3 d6 3. d4 cxd4 4. Nxd4 Nf6 5. Nc3 a6 6. Be2 e5 7. Nb3 Be7 8. 0-0 0-0 9. Qd3 Nc6 10. a3 Be6 11. Nd5 Rc8 12. Be3 Bxd5 13. exd5 e4 14. Qd2 Ne5 15. Rac1 g6 16. c4 Re8 17. Nd4 Nfd7 18. b4 Bf6 19. Nb3 b6 20. a4 Qc7 21. a5 bxa5 22. Nxa5 Bd8 23. Ra1 Rb8 24. Rfc1 Be7 25. Qc3 Nb6 26. Bd4 Bg5 27. Rc2 Ra8 28. Bxb6 Qxb6 29. c5 Qc7 30. Nb3 Bf6 31. Nd4 Nd3 32. Bxd3 exd3 33. Qxd3 dxc5 34. bxc5 Qe5 35. Rc4 Qxd5 36. Rd1 Rac8 37. Nf3 Qxd3 38. Rxd3 Re6 39. Kf1 Be7 40. Nd4 Re5 41. c6 Rd5 42. Ke2 Rd6 43. c7 Rd7 44. Rc6 Rcxc7 45. Rxa6 Kg7 46. Ra2 Bf6 47. Rad2 Re7+ 48. Kf3 Rc4 49. g3 Re5 50. Kg2 Rd5 51. Nf3 Rxd3 1/2-1/2

[Event "Newcastle on Tyne op"]
[Site "Newcastle on Tyne"]
[Date "2018.02.16"]
[Round "4"]
[White "Hunt, Adam"]
[Black "Welling, Gerard J"]
[Result "1/2-1/2"]
[WhiteElo "2416"]
[BlackElo "2320"]
[PlyCount "58"]
[EventDate "2018.02.14"]
[EventType "swiss"]
[EventRounds "9"]
[EventCountry "ENG"]
[SourceTitle "CBM 182 Extra"]
[Source "ChessBase"]
[SourceDate "2018.02.23"]
[SourceVersion "1"]
[SourceVersionDate "2018.02.23"]
[SourceQuality "1"]

1. e4 c6 2. d4 d5 3. exd5 cxd5 4. c4 Nf6 5. Nc3 Nc6 6. Bg5 Be6 7. Be2 Qa5 8. c5 Ne4 9. Bd2 Nxd2 10. Qxd2 g6 11. Bf3 Bg7 12. Nge2 0-0 13. 0-0 b6 14. cxb6 Qxb6 15. Rfd1 Rfd8 16. Rac1 Rd6 17. h3 Rb8 18. b3 Qa5 19. Qe3 Nb4 20. Rd2 Rc6 21. Rcd1 Rbc8 22. g4 a6 23. Kg2 R6c7 24. Ra1 Qa3 25. Nb1 Qa5 26. Nbc3 Qa3 27. Rad1 Qa5 28. Ra1 Qa3 29. Nb1 Qa5 1/2-1/2

[Event "BCF-chT1b 1718 (4NCL)"]
[Site "England"]
[Date "2018.02.11"]
[Round "6.62"]
[White "Hunt, Adam"]
[Black "Flear, Glenn C"]
[Result "1/2-1/2"]
[WhiteElo "2407"]
[BlackElo "2444"]
[PlyCount "56"]
[EventDate "2017.11.11"]
[EventType "team-swiss"]
[EventRounds "11"]
[EventCountry "ENG"]
[SourceTitle "EXT 2019"]
[Source "ChessBase"]
[SourceDate "2018.10.10"]
[SourceVersion "1"]
[SourceVersionDate "2018.10.10"]
[SourceQuality "1"]
[WhiteTeam "Blackthorne Russia"]
[BlackTeam "Guildford II"]
[WhiteTeamCountry "ENG"]
[BlackTeamCountry "ENG"]

1. e4 e5 2. Nf3 Nc6 3. Bb5 a6 4. Ba4 Nf6 5. 0-0 Be7 6. Re1 b5 7. Bb3 d6 8. c3 0-0 9. h3 Na5 10. Bc2 c5 11. d4 Qc7 12. Nbd2 cxd4 13. cxd4 Nc6 14. d5 Nb4 15. Bb1 a5 16. Nf1 Bd7 17. Ne3 Rfc8 18. Nh2 g6 19. Bd2 Na6 20. Qf3 h5 21. Qg3 Nh7 22. Nf3 Kh8 23. Bc2 Qd8 24. Rac1 Nc5 25. Bb1 Ng5 26. Nxg5 Bxg5 27. Nf1 Bxd2 28. Nxd2 Qf6 1/2-1/2

[Event "BCF-chT1b 1718 (4NCL)"]
[Site "England"]
[Date "2018.01.13"]
[Round "3.74"]
[White "Berry, Neil"]
[Black "Hunt, Adam"]
[Result "0-1"]
[WhiteElo "2283"]
[BlackElo "2407"]
[PlyCount "96"]
[EventDate "2017.11.11"]
[EventType "team-swiss"]
[EventRounds "11"]
[EventCountry "ENG"]
[SourceTitle "EXT 2019"]
[Source "ChessBase"]
[SourceDate "2018.10.10"]
[SourceVersion "1"]
[SourceVersionDate "2018.10.10"]
[SourceQuality "1"]
[WhiteTeam "Alba"]
[BlackTeam "Blackthorne Russia"]
[WhiteTeamCountry "ENG"]
[BlackTeamCountry "ENG"]

1. d4 Nf6 2. c4 g6 3. Nc3 d5 4. Nf3 Bg7 5. Qb3 dxc4 6. Qxc4 0-0 7. e4 Na6 8. Be2 c5 9. d5 e6 10. 0-0 exd5 11. exd5 Re8 12. Bg5 h6 13. Be3 b6 14. Qa4 Nc7 15. Rad1 Bb7 16. d6 Ncd5 17. Nxd5 Nxd5 18. Bc4 Nf6 19. Qb3 Qd7 20. Bf4 Nh5 21. Bc1 Bc6 22. Qd3 Be4 23. Qb3 Rad8 24. Rfe1 Bc6 25. Rxe8+ Rxe8 26. Qd3 Kh7 27. Kf1 Nf6 28. a3 b5 29. Ba2 c4 30. Qd2 Bxf3 31. gxf3 Qh3+ 32. Kg1 Qxf3 33. Re1 Rxe1+ 34. Qxe1 Bf8 35. Qe3 Qd1+ 36. Kg2 Qxd6 37. Qxa7 Qd5+ 38. f3 Bc5 39. Qc7 Bd6 40. Qa7 Bc5 41. Qc7 Bd6 42. Qa7 Kg7 43. Qf2 Qe5 44. Kh1 Bc5 45. Qd2 Ng4 46. Qf4 Qe1+ 47. Kg2 Qg1+ 48. Kh3 Nf2+ 0-1

[Event "Ghent Eastman op 40th"]
[Site "Ghent"]
[Date "2017.07.19"]
[Round "9"]
[White "Hunt, Adam"]
[Black "Schalkx, Johnny"]
[Result "1-0"]
[WhiteElo "2424"]
[BlackElo "2160"]
[PlyCount "49"]
[EventDate "2017.07.15"]
[EventType "swiss"]
[EventRounds "9"]
[EventCountry "BEL"]
[SourceTitle "CBM 179 Extra"]
[Source "ChessBase"]
[SourceDate "2017.08.23"]
[SourceVersion "1"]
[SourceVersionDate "2017.08.23"]
[SourceQuality "1"]

1. d4 Nf6 2. Nf3 g6 3. c4 Bg7 4. g3 0-0 5. Bg2 d6 6. 0-0 Nbd7 7. Nc3 e5 8. h3 c6 9. e4 Qc7 10. Re1 Re8 11. b3 exd4 12. Nxd4 a5 13. Bf4 Nh5 14. Be3 Nc5 15. Qd2 Nf6 16. Bf4 Nfd7 17. Rad1 Ne5 18. Qc2 Ne6 19. Be3 Nxd4 20. Bxd4 f5 21. Qb2 c5 22. Nb5 Qe7 23. Bc3 fxe4 24. Rxe4 Bf5 25. Re3 1-0

[Event "Ghent Eastman op 40th"]
[Site "Ghent"]
[Date "2017.07.17"]
[Round "6"]
[White "Lacrosse, Marc"]
[Black "Hunt, Adam"]
[Result "1/2-1/2"]
[WhiteElo "2185"]
[BlackElo "2424"]
[PlyCount "58"]
[EventDate "2017.07.15"]
[EventType "swiss"]
[EventRounds "9"]
[EventCountry "BEL"]
[SourceTitle "CBM 179 Extra"]
[Source "ChessBase"]
[SourceDate "2017.08.23"]
[SourceVersion "1"]
[SourceVersionDate "2017.08.23"]
[SourceQuality "1"]

1. d4 Nf6 2. c4 g6 3. Nc3 Bg7 4. e4 d6 5. Be2 0-0 6. Be3 e5 7. Nf3 Nbd7 8. 0-0 h6 9. dxe5 dxe5 10. Qc2 c6 11. Rad1 Qe7 12. h3 Ne8 13. a3 f5 14. b4 f4 15. Bc1 g5 16. Nh2 Ndf6 17. f3 h5 18. c5 Nc7 19. Nb1 Ne6 20. Bb2 Qc7 21. Nd2 b5 22. Nb3 Bd7 23. Rd2 Rad8 24. Rfd1 Bc8 25. Rxd8 Rxd8 26. Rxd8+ Nxd8 27. Qd2 Ne8 28. Nf1 Qd7 29. Qxd7 Bxd7 1/2-1/2

[Event "Ghent Eastman op 40th"]
[Site "Ghent"]
[Date "2017.07.15"]
[Round "1"]
[White "Van der Straeten, Lieven"]
[Black "Hunt, Adam"]
[Result "0-1"]
[WhiteElo "1855"]
[BlackElo "2424"]
[PlyCount "56"]
[EventDate "2017.07.15"]
[EventType "swiss"]
[EventRounds "9"]
[EventCountry "BEL"]
[SourceTitle "CBM 179 Extra"]
[Source "ChessBase"]
[SourceDate "2017.08.23"]
[SourceVersion "1"]
[SourceVersionDate "2017.08.23"]
[SourceQuality "1"]

1. e4 c5 2. a3 g6 3. Bc4 Bg7 4. Nc3 Nc6 5. Nge2 d6 6. d3 Nf6 7. 0-0 0-0 8. f4 e6 9. Ba2 Rb8 10. Ng3 b5 11. Nce2 b4 12. c3 a5 13. f5 Qb6 14. Nf4 b3 15. Bb1 exf5 16. exf5 d5 17. Nfh5 gxh5 18. Nxh5 d4 19. Bh6 Nxh5 20. Qxh5 f6 21. Bxg7 Kxg7 22. Rf3 Rb7 23. Rg3+ Kh8 24. Qh6 Rbf7 25. Qh5 Ne7 26. cxd4 cxd4 27. Bc2 bxc2 28. Re1 Bxf5 0-1

[Event "Bunratty Masters op 24th"]
[Site "Bunratty"]
[Date "2017.02.18"]
[Round "3"]
[White "Short, Nigel D"]
[Black "Hunt, Adam"]
[Result "1-0"]
[WhiteElo "2675"]
[BlackElo "2424"]
[PlyCount "69"]
[EventDate "2017.02.17"]
[EventType "swiss"]
[EventRounds "6"]
[EventCountry "IRL"]
[SourceTitle "CBM 176 Extra"]
[Source "ChessBase"]
[SourceDate "2017.03.02"]
[SourceVersion "1"]
[SourceVersionDate "2017.03.02"]
[SourceQuality "1"]

1. Nf3 d5 2. d4 Nf6 3. c4 e6 4. Nc3 Be7 5. Bg5 Nbd7 6. e3 0-0 7. Bd3 b6 8. cxd5 exd5 9. 0-0 Bb7 10. Rc1 Re8 11. Qa4 a6 12. Bf5 g6 13. Bxd7 Nxd7 14. Bxe7 Qxe7 15. Rfd1 Nf6 16. b4 Rec8 17. Qb3 Qe6 18. a4 Ne8 19. Ne5 Nd6 20. Nd3 g5 21. Re1 Rab8 22. f3 Re8 23. b5 a5 24. Nf2 f5 25. Re2 Re7 26. Nd3 Rf8 27. Ne5 Nf7 28. f4 Nxe5 29. fxe5 Kg7 30. Rf2 Ref7 31. Ne2 h5 32. h4 f4 33. hxg5 fxe3 34. Rf6 Qg4 35. Qxe3 1-0

[Event "Titled Tuesday intern op 3rd Jan 10am"]
[Site "Chess.com INT"]
[Date "2017.01.03"]
[Round "1"]
[White "Hunt, Adam"]
[Black "Jones, Gawain C B"]
[Result "0-1"]
[WhiteElo "2424"]
[BlackElo "2665"]
[PlyCount "38"]
[EventDate "2017.01.03"]
[EventType "swiss (blitz)"]
[EventRounds "9"]
[EventCountry "USA"]
[SourceTitle "EXT 2021"]
[Source "ChessBase"]
[SourceDate "2020.10.23"]
[SourceVersion "1"]
[SourceVersionDate "2020.10.23"]
[SourceQuality "1"]

1. e4 c5 2. Nf3 d6 3. d4 cxd4 4. Nxd4 Nf6 5. Nc3 g6 6. Be2 Bg7 7. 0-0 Nc6 8. Re1 0-0 9. Nb3 Be6 10. Bg5 a5 11. Bf1 a4 12. Nd4 Nxd4 13. Qxd4 a3 14. bxa3 Nxe4 15. Qxe4 Bxc3 16. Qxb7 Bxe1 17. Rxe1 Qa5 18. Qxe7 Qxe1 19. Bh6 Qe5 0-1

[Event "Titled Tuesday intern op 2nd Aug"]
[Site "Chess.com INT"]
[Date "2016.08.02"]
[Round "3"]
[White "Bachmann, Axel"]
[Black "Hunt, Adam"]
[Result "0-1"]
[WhiteElo "2656"]
[BlackElo "2424"]
[PlyCount "110"]
[EventDate "2016.08.02"]
[EventType "swiss (blitz)"]
[EventRounds "9"]
[EventCountry "USA"]
[SourceTitle "EXT 2021"]
[Source "ChessBase"]
[SourceDate "2020.10.23"]
[SourceVersion "1"]
[SourceVersionDate "2020.10.23"]
[SourceQuality "1"]

1. e4 c5 2. Nf3 e6 3. g3 Nf6 4. d3 d6 5. Bg2 Be7 6. 0-0 0-0 7. Re1 b6 8. a4 Bb7 9. c3 Nc6 10. Na3 Rc8 11. Bf4 e5 12. Bg5 Nd7 13. Bd2 f5 14. exf5 Rxf5 15. Nc4 Rf8 16. h4 Qc7 17. Ne3 Nd8 18. Qb3+ Kh8 19. Nd5 Bxd5 20. Qxd5 Nf6 21. Qc4 d5 22. Qb5 Bd6 23. a5 e4 24. Ng5 h6 25. axb6 axb6 26. Nh3 Ng4 27. Re3 Nxe3 28. Bxe3 Ne6 29. dxe4 d4 30. Bd2 dxc3 31. bxc3 Rcd8 32. Qe2 Be5 33. f4 Qd7 34. Ra2 Bc7 35. e5 Qd3 36. Bf3 Qb1+ 37. Be1 Rd1 38. Qxd1 Qxa2 39. Qd5 Qb1 40. Qxe6 Qxe1+ 41. Kh2 Rd8 42. Bg2 Rd3 43. Qc8+ Bd8 44. Qg4 Rxc3 45. Ng1 Rc2 46. Qd7 Rd2 47. Qe8+ Kh7 48. h5 Qe4 49. Nf3 Rf2 50. Nh4 Bxh4 51. Kh3 Qxg2+ 52. Kxh4 Qh1+ 53. Kg4 Qf3+ 54. Kf5 Qd3+ 55. Kg4 Rg2 0-1

[Event "Titled Tuesday intern op 2nd Aug"]
[Site "Chess.com INT"]
[Date "2016.08.02"]
[Round "2"]
[White "Hadzimanolis, Antonios"]
[Black "Hunt, Adam"]
[Result "0-1"]
[WhiteElo "2223"]
[BlackElo "2424"]
[PlyCount "117"]
[EventDate "2016.08.02"]
[EventType "swiss (blitz)"]
[EventRounds "9"]
[EventCountry "USA"]
[SourceTitle "EXT 2021"]
[Source "ChessBase"]
[SourceDate "2020.10.23"]
[SourceVersion "1"]
[SourceVersionDate "2020.10.23"]
[SourceQuality "1"]

1. e4 c5 2. c3 Nf6 3. e5 Nd5 4. d4 e6 5. Nf3 cxd4 6. cxd4 d6 7. Bc4 Nc6 8. 0-0 Be7 9. Qe2 0-0 10. Qe4 Bd7 11. Re1 Rc8 12. Bd3 f5 13. exf6 Nxf6 14. Qe2 Nb4 15. Bc4 d5 16. Bb3 Ne4 17. Be3 Qb6 18. Na3 Bd6 19. Ne5 Bxe5 20. dxe5 d4 21. Bxd4 Qxd4 22. Rad1 Qb6 23. Rxd7 Nxf2 24. Nc4 Rxc4 25. Bxc4 Nbd3 26. Bxd3 Nxd3+ 27. Kh1 Nxe1 28. Qxe1 Qxb2 29. h3 Qb5 30. Qd2 Qc5 31. Qe1 Qb5 32. Rd1 h6 33. Kh2 Rf5 34. Rd8+ Kh7 35. Qg3 Rxe5 36. Rc8 Rg5 37. Qb8 Qe5+ 38. g3 Qxb8 39. Rxb8 Rb5 40. Kg2 b6 41. Kf3 Rb2 42. a4 Rb3+ 43. Ke4 Rb4+ 44. Ke5 Rxa4 45. Kxe6 Ra3 46. Rb7 Rxg3 47. Rxa7 Rxh3 48. Kf5 Rg3 49. Rb7 Rg6 50. Rb8 h5 51. Ra8 h4 52. Ra4 h3 53. Ra2 Rh6 54. Rh2 b5 55. Kg4 b4 56. Kg3 b3 57. Rh1 h2 58. Kg2 b2 59. Kg3 0-1

[Event "EU-Cup 31st"]
[Site "Skopje"]
[Date "2015.10.18"]
[Round "1.1"]
[White "Hunt, Adam"]
[Black "Ivanchuk, Vassily"]
[Result "1/2-1/2"]
[WhiteElo "2421"]
[BlackElo "2726"]
[PlyCount "52"]
[EventDate "2015.10.18"]
[EventType "team-swiss"]
[EventRounds "7"]
[EventCountry "MKD"]
[SourceTitle "CBM 169"]
[Source "ChessBase"]
[SourceDate "2015.11.10"]
[SourceVersion "1"]
[SourceVersionDate "2015.11.10"]
[SourceQuality "1"]
[WhiteTeam "Blackthorne Russia"]
[BlackTeam "Alkaloid"]
[WhiteTeamCountry "ENG"]
[BlackTeamCountry "MKD"]

1. e4 c6 2. d4 d5 3. exd5 cxd5 4. c4 Nf6 5. Nc3 e6 6. Nf3 Bb4 7. cxd5 Nxd5 8. Bd2 0-0 9. Bd3 Nc6 10. 0-0 Be7 11. Re1 Bf6 12. Ne4 Bxd4 13. Neg5 g6 14. Nxd4 Nxd4 15. Nxh7 Kxh7 16. Qh5+ Kg8 17. Bxg6 Nf6 18. Qh6 fxg6 19. Qxg6+ Kh8 20. Bc3 Nf3+ 21. Kh1 Nxe1 22. Qh6+ Kg8 23. Qg6+ Kh8 24. Qh6+ Kg8 25. Qg6+ Kh8 26. Qh6+ Kg8 1/2-1/2

[Event "Bratto op 35th"]
[Site "Bratto"]
[Date "2015.08.30"]
[Round "9"]
[White "Hunt, Adam"]
[Black "Orlov, Andrey"]
[Result "1/2-1/2"]
[WhiteElo "2427"]
[BlackElo "2489"]
[PlyCount "35"]
[EventDate "2015.08.22"]
[EventType "swiss"]
[EventRounds "9"]
[EventCountry "ITA"]
[SourceTitle "EXT 2016"]
[Source "ChessBase"]
[SourceDate "2015.10.08"]
[SourceVersion "1"]
[SourceVersionDate "2015.10.08"]
[SourceQuality "1"]

1. e4 e5 2. Nf3 Nc6 3. Bb5 a6 4. Ba4 Nge7 5. 0-0 g6 6. c3 Bg7 7. d4 exd4 8. cxd4 b5 9. Bb3 0-0 10. Nc3 d6 11. h3 Na5 12. Bc2 Bb7 13. d5 Nc4 14. Rb1 b4 15. Ne2 c6 16. dxc6 Nxc6 17. Nf4 Rc8 18. Nd5 1/2-1/2

[Event "Bratto op 35th"]
[Site "Bratto"]
[Date "2015.08.28"]
[Round "7"]
[White "Hunt, Adam"]
[Black "Sulava, Nenad"]
[Result "1/2-1/2"]
[WhiteElo "2427"]
[BlackElo "2442"]
[PlyCount "46"]
[EventDate "2015.08.22"]
[EventType "swiss"]
[EventRounds "9"]
[EventCountry "ITA"]
[SourceTitle "EXT 2016"]
[Source "ChessBase"]
[SourceDate "2015.10.08"]
[SourceVersion "1"]
[SourceVersionDate "2015.10.08"]
[SourceQuality "1"]

1. e4 e5 2. Nf3 Nc6 3. Bb5 a6 4. Ba4 Nf6 5. 0-0 b5 6. Bb3 Bb7 7. d3 Be7 8. a4 0-0 9. Nc3 b4 10. Nd5 Na5 11. Nxe7+ Qxe7 12. Ba2 d5 13. exd5 Nxd5 14. Re1 f6 15. d4 e4 16. c4 bxc3 17. b4 Qd7 18. Rxe4 Nc6 19. Qb3 Nce7 20. Qxc3 Kh8 21. Qe1 Ng6 22. Nh4 Nxh4 23. Rxh4 Rae8 1/2-1/2

[Event "Bunratty"]
[Site "Bunratty"]
[Date "2015.02.22"]
[Round "8"]
[White "Maze, Sebastien"]
[Black "Hunt, Adam"]
[Result "1/2-1/2"]
[WhiteElo "2585"]
[BlackElo "2428"]
[PlyCount "50"]
[EventDate "2015.02.18"]
[EventType "tourn"]
[EventRounds "9"]
[EventCountry "IRL"]
[EventCategory "8"]
[SourceTitle "CBM 164 Extra"]
[Source "ChessBase"]
[SourceDate "2015.03.02"]
[SourceVersion "1"]
[SourceVersionDate "2015.03.02"]
[SourceQuality "1"]

1. e4 c5 2. Nf3 e6 3. d4 cxd4 4. Nxd4 a6 5. Nc3 Qc7 6. Be3 Nf6 7. Bd3 d6 8. 0-0 Nbd7 9. f4 b5 10. a3 Bb7 11. Qf3 g6 12. Rad1 Nc5 13. Rfe1 Nxd3 14. Rxd3 Be7 15. Bf2 d5 16. exd5 Nxd5 17. Nxd5 Bxd5 18. Qg3 0-0 19. f5 Qxg3 20. hxg3 gxf5 21. Nxf5 Bf6 22. Bd4 Bg5 23. Be3 Bf6 24. Bd4 Bg5 25. Be3 Bf6 1/2-1/2